La aplicabilidad predictiva de las matemáticas en las teorías físicas
Spremljeno u:
| Glavni autor: | |
|---|---|
| Format: | Knjiga |
| Jezik: | Spanish |
| Izdano: |
San Pedro, Costa Rica
Universidad de Costa Rica, Facultad de Letras, Escuela de Filosofía
2017
|
| Teme: | |
| Oznake: |
Dodaj oznaku
Bez oznaka, Budi prvi tko označuje ovaj zapis!
|
MARC
| LEADER | 00000nam a22000007a 4500 | ||
|---|---|---|---|
| 008 | 171122b xxu||||| |||| 00| 0 spa d | ||
| 040 | |a cru BVZT | ||
| 090 | |a TESIS 919 | ||
| 100 | |a Ortiz Acuña, Leonardo Alberto | ||
| 245 | |a La aplicabilidad predictiva de las matemáticas en las teorías físicas |c Leonardo Alberto Ortiz Acuña | ||
| 260 | |a San Pedro, Costa Rica |b Universidad de Costa Rica, Facultad de Letras, Escuela de Filosofía |c 2017 | ||
| 300 | |a 109 páginas | ||
| 650 | |a TRABAJO FINAL DE GRADUACIÓN | ||
| 650 | |a LICENCIATURA EN FILOSOFÍA | ||
| 650 | |a TEORÍAS FÍSICAS - MATEMÁTICAS | ||
| 999 | |c 15396 |d 15396 | ||
| 942 | |c TFG |h TESIS 919 |2 z | ||
